000 00721nam a22002655i 4500
999 _c123070
_d123070
001 18664403
003 ARRUPE
005 20180405115439.0
008 150618s2015 inu 000 0 eng
010 _a 2015944355
020 _a9781612783864 (pbk.)
040 _aDLC
_beng
_erda
_cDLC
042 _apcc
100 1 _aFrancis, Pope.
_918652
245 1 0 _aLaudato si' /
_cPope Francis.
_bon Care for our Common Home
250 _a1st edition.
260 _aIreland
_bVeritas
_c2015
263 _a1507
300 _a123p. ;
_c21cm.
650 _aEcology
_918653
650 _aEcology, Human
_918654
906 _a0
_bibc
_corignew
_d2
_eepcn
_f20
_gy-gencatlg
942 _2lcc
_cMONOGRAPH